000 00967nam a2200301 a 4500
005 20221119063444.0
008 191022s1990 mx r 000 0 spa d
020 _a9682437849
035 _aUPN01000233604
040 _aMX-MxUPN
_bspa
_cMX-MxUPN
041 1 _aspa
_heng
050 4 _aBF199
_bC64 1990
100 1 _aCohen, Jozef,
_d1921-1995
_931680
240 _aEyewitness series in psychology.
_lEspañol
245 1 0 _aPsicología de los motivos personales
250 _aSegunda edición en español
260 _aMéxico :
_bTrillas,
_c1990.
300 _a93 páginas
490 _aTemas de psicología ;
_v no. 3
500 _aTraducción de: Eyewitness series in psychology.
650 0 _947215
_aMedicamentos
_xAspectos psicológicos
650 7 _95909
_aMotivación (Psicología)
700 1 _944284
_aPatán, Federico,
_d1937-
_etraductor
902 _aNoemiAcosta/311022
905 _aLibro
942 _n0
_2lcc
_cLIBRO
999 _c205699
_d205699